4000 m peaks of the alps - Statistics

General Stats
  • This quiz has been taken 408 times
  • The average score is 19 of 82
Answer Stats
Rank Elevation (m) Range Peak % Correct
1 4810 Savoy Alps Mont Blanc
96%
12 4478 Pennine Alps Matterhorn
91%
3 4634 Pennine Alps Dufourspitze
63%
7 4547 Pennine Alps Dom
59%
41 4158 Berner Oberland Jungfrau
57%
9 4506 Pennine Alps Weisshorn
54%
39 4164 Pennine Alps Breithorn
52%
50 4107 Berner Oberland Mönch
51%
8 4533 Pennine Alps Lyskamm
46%
16 4358 Pennine Alps Dent Blanche
42%
63 4061 Graian Alps Gran Paradiso
42%
2 4748 Savoy Alps Mont Blanc de Courmayeur
42%
65 4049 Rhaetian Alps Piz Bernina
41%
27 4228 Pennine Alps Castor
38%
23 4274 Berner Oberland Finsteraarhorn
37%
55 4092 Pennine Alps Pollux
37%
20 4314 Pennine Alps Grand Combin
36%
4 4609 Pennine Alps Nordend
35%
73 4027 Pennine Alps Allalinhorn
34%
31 4208 Savoy Alps Grandes Jorasses
34%
6 4554 Pennine Alps Signalkuppe
34%
45 4122 Savoy Alps Aiguille Verte
32%
52 4102 Dauphine Alps Barre des Écrins
31%
10 4491 Pennine Alps Täschhorn
31%
28 4222 Pennine Alps Zinalrothorn
31%
75 4017 Pennine Alps Weissmies
30%
34 4193 Berner Oberland Aletschhorn
29%
24 4248 Savoy Alps Mont Blanc du Tacul
28%
42 4153 Pennine Alps Bishorn
26%
18 4327 Pennine Alps Nadelhorn
25%
5 4563 Pennine Alps Zumsteinspitze
25%
32 4206 Pennine Alps Alphubel
24%
38 4174 Pennine Alps Dent d'Hérens
24%
14 4465 Savoy Alps Mont Maudit
24%
56 4078 Berner Oberland Schreckhorn
22%
78 4013 Savoy Alps Dent du Géant
20%
21 4304 Savoy Alps Dome de Goûter
20%
80 4010 Pennine Alps Lagginhorn
20%
61 4064 Pennine Alps Ober Gabelhorn
19%
15 4432 Pennine Alps Parrotspitze
18%
33 4199 Pennine Alps Rimpfischhorn
18%
35 4190 Pennine Alps Strahlhorn
17%
82 4000 Savoy Alps Les Droites
16%
70 4042 Berner Oberland Lauteraarhorn
15%
17 4341 Pennine Alps Ludwigshöhe
15%
30 4215 Pennine Alps Vincent pyramid
15%
66 4049 Berner Oberland Grosses Fiescherhorn
14%
22 4294 Pennine Alps Lenzspitze
14%
26 4241 Pennine Alps Stecknadelhorn
14%
77 4015 Dauphine Alps Barre des Écrins-Dôme de Neige
13%
36 4184 Pennine Alps Grand Combin de Valsorey
13%
76 4015 Savoy Alps Dome de Rochefort
12%
69 4044 Berner Oberland Grosses Grünhorn
11%
19 4322 Pennine Alps Schwarzhorn
11%
44 4135 Pennine Alps Grand Combin de la Tsessette
10%
37 4184 Savoy Alps Grandes Jorasses - Pointe Whymper
10%
74 4025 Berner Oberland Hinter-Fiescherhorn
10%
43 4139 Pennine Alps Breithorn - Eastern Summit
9%
72 4035 Pennine Alps Dürrenhorn
9%
11 4479 Pennine Alps Lyskamm - West Summit
9%
47 4112 Savoy Alps Aiguille Blanche
8%
64 4052 Savoy Alps Aiguille de Bionassay
8%
81 4001 Savoy Alps Aiguille de Rochefort
8%
40 4159 Pennine Alps Breithorn - Central Summit
8%
25 4243 Savoy Alps Grand Pilier d'Angle
8%
48 4110 Savoy Alps Pointe Croz
8%
71 4035 Savoy Alps Aiguille du Jardin
7%
46 4114 Savoy Alps Aiguilles du Diable - L'Isolée
7%
60 4065 Savoy Alps Pointe Marguerite
7%
49 4109 Savoy Alps Aiguilles du Diable - Pointe Carmen
6%
62 4064 Savoy Alps Corne du Diable
5%
53 4102 Savoy Alps Grande Rocheuse
5%
67 4046 Pennine Alps Punta Giordani
5%
57 4075 Pennine Alps Roccia Nera
5%
58 4074 Savoy Alps Aiguilles du Diable - Pointe Chaubert
4%
54 4097 Savoy Alps Aiguilles du Diable - Pointe Médiane
4%
29 4219 Pennine Alps Hohberghorn
4%
59 4069 Savoy Alps Mont Brouillard
4%
79 4013 Savoy Alps Punta Baretti
4%
13 4469 Savoy Alps Pic Luigi Amadeo
2%
51 4106 Pennine Alps Breithorn-East Gendarme
1%
68 4045 Savoy Alps Pointe Elena
1%
No matching quizzes found
Score Distribution
Percent of People with Each Score
Percentile by Number Answered
Your Score History
You have not taken this quiz